Statistics for U2 albums

Click here to take the quiz!

General Stats

  • This quiz has been taken 1,207 times
    (840 since last reset)
  • The average score is 9 of 13

Answer Stats

HintAnswer% Correct
1987The Joshua Tree
98%
1980Boy
90%
1983War
90%
1991Achtung Baby
80%
1988Rattle and Hum
76%
1993Zooropa
72%
1981October
70%
2004How To Dismantle An Atomic Bomb
69%
1984The Unforgettable Fire
68%
1997Pop
65%
2000All That You Can't Leave Behind
60%
2014Songs of Innocence
52%
2009No Line on the Horizon
50%

Score Distribution

Percentile by Number Answered

Percent of People with Each Score

Your Score History

You have not taken this quiz since the last reset